Ett nytt sätt att se : om bildtidningen Se, 1938-1945 /

Saved in:
நூற்பட்டியல் விவரங்கள்
தலைமை எழுத்தாளர்: Lindberg, Tobias.
வடிவம்: புத்தகம்
மொழி:Swedish
வெளியீடப்பட்டது: Göteborg : NORDICOM-Sverige, 2004.
தொகுதி:Sylwan ; 14.
பகுதிகள்:
Se.
குறியீடுகள்: குறிச்சொல் இணை
குறியீடுகள் இல்லை, இந்த குறிச்சொல்லை முதலில் பதிவு செய்யுங்கள்!
LEADER 00995nam a2200313Ia 4500
001 009748043-6
005 20070717114459.0
008 070522s2004 sw a 000 0 swe d
035 0 |a ocn133171331 
040 |a TEF  |c TEF 
041 0 |a swe  |b eng 
043 |a e-sw--- 
050 4 |a TR820  |b .L56 2004 
090 |a TR820  |b .L56 2004 
100 1 |a Lindberg, Tobias. 
245 1 4 |a Ett nytt sätt att se :  |b om bildtidningen Se, 1938-1945 /  |c Tobias Lindberg. 
260 |a Göteborg :  |b NORDICOM-Sverige,  |c 2004. 
300 |a 379 p. :  |b ill. ;  |c 25 cm. 
490 1 |a Sylwan,  |x 1403-3585 ;  |v 14 
546 |a Summary in English. 
502 |a Thesis--Göteborgs universitet, 2004. 
504 |a Includes bibliographical references (p. 331-359) and indexes. 
630 0 0 |a Se. 
650 0 |a Photojournalism  |z Sweden  |x History  |y 20th century. 
650 0 |a Illustrated periodicals  |z Sweden  |x History  |y 20th century. 
830 0 |a Sylwan ;  |v 14.  |x 1403-3585 
988 |a 20050829 
049 |a HLSS 
906 |0 OCLC